000 00773nam a22002537a 4500
003 UA-OsUOA
001 35094
007 ta
008 20051107b un ||||| |||| 00| 0 ukr d
100 _aГуревиич В.В.
700 _aДозорец Ж.А.
090 _a81,337.7-111
_bГ 95
942 _cBK
040 _aUA-OsUOA
_brus
_cUA-OsUOA
_dUA-OsUOA
245 _aКраткий русскко-английскиий фразеологический словарь
300 _a583 с.
955 _a0
041 _arus
080 _a81,337.7-111
020 _a5-87065-013-5
260 _aМ.
_b"Владос"
_c1995
650 7 _a8 Мовознавство. Художня література. Літературознавство
_2UDC
999 _c321474
_d321474